000 00666nam a22001817a 4500
003 UA-OsUOA
001 15456
007 ta
008 20031111b un ||||| |||| 00| 0 ukr d
100 _aЧабан О.
942 _cSA
040 _aUA-OsUOA
_cUA-OsUOA
_dUA-OsUOA
245 _aЗакоханість - його муза : [На студії "Атлантік" (м.Київ) вийшов новий диск "Діагноз: Україна", рівнен. поета-пісняра О.Смика]
300 _aС.14
955 _a0
773 0 _w0
_tОго
_dРівне
_d2003
_g№113/ 3 лип./
650 7 _aКраєзнавча робота
_2UDC
999 _c301621
_d301621